Kto napisał tą książkę? - Statystyki

Ogólne statystyki
  • Ten quiz został rozwiązany 57 razy
  • Średni wynik to 11 z 20
Statystyki odpowiedzi
Tytuł Autor % Poprawnych
Harry Potter (seria) J.K. Rowling
96%
Władca pierścieni (seria) J.R.R. Tolkien
82%
Mały książę Antoine de Saint-Exupéry
80%
Zbrodnia i kara Fiodor Dostojewski
78%
Duma i uprzedzenie Jane Austen
71%
Ania z Zielonego Wzgórza Lucy Montgomery
69%
Jądro ciemności Joseph Conrad
61%
Opowieści z Narnii (seria) C.S. Lewis
55%
Kod Leonarda da Vinci Dan Brown
55%
Ojciec chrzestny Mario Puzo
55%
Don Kichot Miguel de Cervantes
51%
Wichrowe Wzgórza Emily Bronte
47%
Alicja w Krainie Czarów Lewis Carroll
47%
Przygody Tomka Sawyera Mark Twain
43%
Diuna Frank Herbert
37%
Zabić drozda Harper Lee
35%
Buszujący w zbożu J.D. Salinger
33%
Zmierzch (seria) Stephenie Meyer
31%
Podróże Guliwera Jonathan Swift
27%
Moby Dick Herman Melville
10%
Nie znaleziono quizów pasujących do podanych kryteriów
Rozkład punktacji
Procent ludzi z każdym wynikiem
Percentyl według liczby udzielonych odpowiedzi
Twoja historia wyników
Nie rozwiązałeś tego quizu